Accessory to war : the unspoken alliance between astrophysics and the military

Bibliographic Details
Main Author: Tyson, Neil deGrasse
Other Authors: Lang, Avis
Format: Book
Published: New York : W.W. Norton & Company , 2018
Subjects:

MARC

LEADER 00000cam a2200000 7i4500
001 0000278602
005 20201214105517.0
020 |a 9780393357462 
090 0 |a 355.00152301   |b TYS 
100 1 |a Tyson, Neil deGrasse 
245 1 0 |a Accessory to war :   |b the unspoken alliance between astrophysics and the military   |c Neil deGrasse Tyson and Avis Lang 
260 |a New York :   |b W.W. Norton & Company ,   |c 2018 
300 |a 576p. ;   |c 24cm. 
650 0 |a Astronautics, Military   |z United States 
650 0 |a Astrophysics   |z United States 
650 0 |a Military art and science   |x Technological innovations   |x History 
650 0 |a Military research   |z United States 
650 0 |a Science and state   |z United States 
700 0 |a Lang, Avis 
999 |a 00385775   |b BUKU   |c PINJAMAN   |e PERPUSTAKAAN KOMUNITI PETALING JAYA